000 01848nam a2200517 i 4500
001 29032
003 KOSZ 005
005 20200124131730.0
008 200124s1989 pl a f 000 0 pol
015 _aPB 1990/300
020 _a8321334555
035 _a991002123079705066
035 _a(PL-WaBN)b10589594-48omnis_nlop
035 _ab10589594
035 _a(OCoLC)751441609
035 _a(PL)b0000001058959
035 _a(EXLNZ-48OMNIS_NETWORK)9910513131705606
040 _aWA N
_cWA N
_dKOSZ 005/RW
046 _k1989
080 _a69.008
080 _a65.012.26
100 1 _aBiernacki, Janusz
_eAutor
245 1 0 _aMetody sieciowe w budownictwie /
_cJanusz Biernacki, Bogdan Cyunel.
260 _aWarszawa :
_b"Arkady",
_c1989.
300 _a112 stron :
_brysunki, wykresy ;
_c25 cm.
336 _aTekst
_btxt
_2rdacontent
337 _aBez urządzenia pośredniczącego
_bn
_2rdamedia
338 _aWolumin
_bnc
_2rdacarrier
380 _aKsiążki
380 _aPublikacje fachowe
380 _aPublikacje dydaktyczne
388 _a1901-2000
504 _aBibliografia na stronach 111-112.
521 8 _aKsiążka adresowana jest dla organizatorów produkcji budowlanej, projektantów i wykonawców, może również służyć do celów dydaktycznych na wydziałach budownictwa wyższych uczelni.
650 7 _aBadania operacyjne
_2DBN
650 7 _aMetody
650 7 _aZastosowanie i wykorzystanie
650 7 _aBudownictwo
_2DBN
650 7 _aOrganizacja
658 _aArchitektura i budownictwo
700 1 _aCyunel, Bogdan
_d(1932- )
_eAutor
710 2 _aWydawnictwo Arkady
_4pbl
856 _uhttp://koha.tu.koszalin.pl/cgi-bin/koha/opac-detail.pl?biblionumber=29032
_yKatalog online BPK
942 _2UKD
_cKS
999 _c29032
_d29032